000 01194cac a2200337 i 4500
003 EG-GICUC
005 20260121101350.0
008 940322s1994 fr fr 001 0 eng d
020 _a1855213818 :
_c$57.95 (approx.)
020 _a9781855213814
040 _aDLC
_cDLC
_dDLC
_dEG-GICUC
_beng
_erda
050 0 0 _aK3263
_b.M53 1994
082 0 0 _a341.48
_221
092 0 4 _221
099 _aLaw 08 1994
100 1 _aMichael, James.
245 1 0 _aPrivacy and human rights :
_ban international and comparative study, with special reference to developments in information technology /
_cJames Michael.
264 _aParis, France :
_bUNESCO ;
_aAldershot, Hampshire, England :
_bDartmouth Pub. Co.,
_c1994.
300 _aix, 194 page ;
_c24 cm.
336 _atext
_btxt
_2rdacontent
337 _aunmediated
_bn
_2rdamedia
338 _avolume
_bnc
_2rdacarrier
504 _aIncludes bibliographical references and index.
650 0 _aPrivacy, Right of.
650 0 _aData protection
_xLaw and legislation.
650 0 _aHuman rights.
650 0 _aInformation technology.
856 4 0 _uhttps://fll.law.cu.edu.eg/fulltext/bks/ENGB08-00049.pdf
905 _a10
942 _2ddc
_cBK
_e21
_n0
999 _c46386
_d46386